000 00748nam a2200241 a 4500
001 000017978
005 20200929165312.0
008 890626s1988 sp 000 pdspa d
020 _a8440418361
040 _aDO-SdBNP
_bspa
_cBNPHU
082 _a861
_bC961p, 1988
245 0 0 _aCuadernos de poesía nueva.
250 _a62a ed.
260 _aMadrid :
_bAsociación Prometeo de Poesía,
_c1988.
300 _a75 p. ;
_c21 cm.
500 _aIncluye referencias bibliográficas de cada autor individual.
500 _aIncluye microbiografías.
500 _aIncluye índice de poemas.
650 4 _aPoesía española
_ySIGLO XX
_99197
650 4 _aLiteratura española
_ySIGLO XX
_93326
910 _aCatalogación derivada
049 _aBNGR
999 _c17500
_d17500